000 00940nam1a22002891i 4500
001 v19\rc\1693994
005 20240723120259.0
035 _a(NLR Aleph) 004797225
090 _a4791306
_c4791306
100 _a20061002g18971898|||y0rusy50 ca
101 0 _arus
102 _aRU
105 _a z |||c|
200 1 _aОчерки по почвоведению
_e1-2
210 _aСанкт-Петербург
_cтип. В. Демакова
_dц1897-ц1898-1898
215 _a2 отт.
_d24
300 _aВ конце текста авт.: П. Отоцкий
309 _aБез тит. л. и обл.
700 1 _aОтоцкий
_bП.В.
_f1866-1934
_gПавел Владимирович
801 0 _aRU
_bNLR
_gpsbo
801 0 _aRU
_bRuMoRGB
_2psbo
801 1 _aRU
_bProSoft-M
_2rusmarc
852 _aNLR
_jШифры разные
899 _aRuMoRGB (1)
_jV 120/2329
899 _aБАН
899 _aНБ СПбГУ (1)
942 _cBOOK